| 000 | 00884nam a2200217 a 4500 | ||
|---|---|---|---|
| 001 | 000041939 | ||
| 005 | 20201002035837.0 | ||
| 008 | 131017s1996 sp a 000 0 spa d | ||
| 020 | _a8400075994 | ||
| 040 |
_aDO-SdBNP _bspa _cBNPHU |
||
| 100 | 1 |
_aHernández, Esther _968853 |
|
| 245 | 1 | 4 |
_aVocabulario en lengua castellana y mexicana de Fray Alonso de Molina : _bestudio de los indigenismos léxicos y registro de las voces españolas internas / _cEsther Hernández. |
| 260 |
_aMadrid : _bCSIC, _c1996. |
||
| 300 |
_a450 p. : _bil. ; _c25 cm. |
||
| 490 | 1 |
_aBiblioteca de filología hispánica _v15 |
|
| 500 | _aIncluye índice | ||
| 504 | _aBibliografía : p. 437-450 | ||
| 504 | _aIncluye referencias bibliográficas y notas al pie de las páginas | ||
| 710 | 2 |
_aConsejo Superior de Investigaciones Científicas, _94786 |
|
| 830 | 0 |
_aBiblioteca de filología hispánica _v15 _967489 |
|
| 999 |
_c41428 _d41428 |
||